| 000 | 00306 a2200133 4500 | ||
|---|---|---|---|
| 001 | 73791 | ||
| 082 | _a620.1341 TSE | ||
| 090 |
_c39004 _d39004 |
||
| 100 | _aTse F S | ||
| 245 | _aMechanical Vibrations, 2/e | ||
| 250 | _a2 | ||
| 260 |
_aUSA _bAddison Wesley _c1978 |
||
| 500 | _aBE textbook Aerospace | ||
| 942 |
_aNUST-CAE _k620.1341 TSE |
||
| 999 |
_c308864 _d308864 |
||